BUBT Library Online Catalog

বাংলাদেশের পুলিশ প্রবিধান (vol-1) : (Record no. 6554)

000 -LEADER
fixed length control field 00864nam a22002057a 4500
003 - CONTROL NUMBER IDENTIFIER
control field BUBTL
008 - FIXED-LENGTH DATA ELEMENTS--GENERAL INFORMATION
fixed length control field 211010b ||||| |||| 00| 0 eng d
020 ## - INTERNATIONAL STANDARD BOOK NUMBER
International Standard Book Number 9789848792544
082 ## - DEWEY DECIMAL CLASSIFICATION NUMBER
Classification number 344.5492/ Is41b/ 2014
100 ## - MAIN ENTRY--PERSONAL NAME
9 (RLIN) 4258
Personal name ইসলাম, মাহ্ফুজুল মোঃ
245 ## - TITLE STATEMENT
Title বাংলাদেশের পুলিশ প্রবিধান (vol-1) :
Statement of responsibility, etc. মোঃ মাহফুজুল ইসলাম, মোঃ আসগর আলী
250 ## - EDITION STATEMENT
Edition statement 1st ed.
260 ## - PUBLICATION, DISTRIBUTION, ETC. (IMPRINT)
Place of publication, distribution, etc. ঢাকা
Name of publisher, distributor, etc. সামছ পাবলিকেশন্স
Date of publication, distribution, etc. c2014
300 ## - PHYSICAL DESCRIPTION
Extent [86] , 612p. :
Dimensions 21 cm.
650 #0 - SUBJECT ADDED ENTRY--TOPICAL TERM
9 (RLIN) 26
Topical term or geographic name as entry element Law
700 ## - ADDED ENTRY--PERSONAL NAME
Personal name মোঃ আসগর আলী
9 (RLIN) 5270
856 ## - ELECTRONIC LOCATION AND ACCESS
Password 0
Logon 0
Link text Download
942 ## - ADDED ENTRY ELEMENTS (KOHA)
Source of classification or shelving scheme
Koha item type Books
Holdings
Withdrawn status Lost status Source of classification or shelving scheme Damaged status Not for loan Collection code Permanent location Current location Shelving location Date acquired Source of acquisition Inventory number Total Checkouts Full call number Barcode Date last seen Date last checked out Copy number Price effective from Koha item type
          Non-fiction Bangladesh University of Business and Technology Library Bangladesh University of Business and Technology Library Law Stacks 07/16/2014 Purchase 17679 2 344.5492/ Is41b/ 2014 BUBTL-200317679 05/30/2024 05/29/2024 C-1 10/10/2021 Books
          Non-fiction Bangladesh University of Business and Technology Library Bangladesh University of Business and Technology Library Law Stacks 07/16/2014 Purchase 17680 2 344.5492/ Is41b/ 2014 BUBTL-200317680 03/20/2024 03/18/2024 C-2 10/10/2021 Books
          Non-fiction Bangladesh University of Business and Technology Library Bangladesh University of Business and Technology Library Law Stacks 07/16/2014 Purchase 17673 3 344.5492/ Is41b/ 2014 BUBTL-200317673 05/30/2024 05/19/2024 C-3 03/29/2023 Books
          Non-fiction Bangladesh University of Business and Technology Library Bangladesh University of Business and Technology Library Law Stacks 07/16/2014 Purchase 17374 10 344.5492/ Is41b/ 2014 BUBTL-200317674 03/25/2024 03/18/2024 C-4 03/29/2023 Books
        Not For Loan Non-fiction Bangladesh University of Business and Technology Library Bangladesh University of Business and Technology Library Law Stacks 07/16/2014 Purchase 17678   344.5492/ Is41b/ 2014 BUBTL-200317678 03/29/2023   C-5 03/29/2023 Books
          Non-fiction Bangladesh University of Business and Technology Library Bangladesh University of Business and Technology Library Law Stacks 07/16/2014 Purchase 17681 3 344.5492/ Is41b/ 2014 BUBTL-200317681 05/29/2024 05/28/2024 C-6 04/05/2023 Books
          Non-fiction Bangladesh University of Business and Technology Library Bangladesh University of Business and Technology Library Law Stacks 07/16/2014 Purchase 17676 4 344.5492/ Is41b/ 2014 BUBTL-200317676 05/30/2024 05/19/2024 C-7 10/08/2023 Books

More Information About Library

Library Hours

  • Open: 9.00 am. to 9.00 pm.
  • Only Sunday: 9.00 am. to 6.00 pm.
  • Closed: Holiday

Contact to the University

Bangladesh University of Business and Technology Library

  • Mirpurl-2, 1216.
  • Phone:
  • Fax:
  • E-Mail: admin.library@bubt.edu.bd

Contact to the Library

Contact Person:

Md. Abdul Hakim Shah
Joint Librarian
PABX No:  113
Cell No: 01816332931
E-mail: official: admin.library@bubt.edu.bd
Personal: hakim.shah@bubt.edu.bd


BUBT Library

Copyright © 2021